Corpus Iuris Civilis Iustinianei. (Registro nro. 273524)

Detalles MARC
000 -ENCABEZADO
Número de control [NR] 02807cam a2200313Mi 4500
005 - FECHA Y HORA DE LA ÚLTIMA TRANSACCIÓN
control field 20140903175125.0
008 - DE LONGITUD FIJA DE DATOS DE ELEMENTOS - INFORMACIÓN GENERAL
Elementos de longitud fija [NR] 080707s1612 fr fr 001 0dlatsd
035 ## - NUMERO DE CONTROL DEL SISTEMA [R]
Número de control del sistema [NR] (OCoLC)822650819
040 ## - FUENTE DE CATALOGACION [NR]
Agencia de catalogación original [NR] FRBML
Idioma de catalogación [NR] spa
Quien Cataloga Sandra Yazo
Quien Clasifica Sandra Yazo
041 0# - CODIGO DE IDIOMA [R]
Código de idioma para texto/pista de sonido o título separado [R] Latín
082 04 - NUMERO DE CLASIFICACION DECIMAL DEWEY [R]
Número de la edición [NR] 20
Número de clasificación [R] 340.56
092 ## - SIGNATURA TOPOGRAFICA LOCAL
Número de clasificación local E30N031
100 0# - ASIENTO PRINCIPAL--NOMBRE PERSONAL [NR]
Nombre personal [NR] Justiniano
Numeración [NR] I
Títulos u otras palabras asociadas al nombre [R] Emperador de Oriente
Fechas asociadas con el nombre [NR] 483-565
ID Autoridad 41820
242 00 - TRADUCCION DEL TITULO POR LA AGENCIA CATALOGADORA [R]
Título [NR] Código de Derecho Civil de Justiniano
Parte restante del título [NR] Con los comentarios de Acurcio, los escolios de Conti y las observaciones agudísimas del jurista Dionisio Godofredo. Tomo Primero. Incluye el Digesto Antiguo.
Código de idioma del título traducido [NR] spa
245 10 - MENCION DE TITULO [NR]
Título [NR] Corpus Iuris Civilis Iustinianei.
Parte restante del título [NR] Cum comentariis Accursii, scholiis Conti et Dionysii Gothofredi I. C. accutissimi lucubrationibus ... Tomus Primus continens Digestum Vetus
260 ## - PUBLICACION, DISTRIBUCION, ETC. (PIE DE IMPRENTA) [R]
Lugar de publicación, distribución, etc. [R] Lugdui [Lyon] (Francia)
Nombre del editor, distribuidor, etc. [R] Sumtibus Horatii Cardon [A expensas de Horacio Cardon]
Fecha de publicación, distribución, etc. [R] 1612
300 ## - DESCRIPCION FISICA [R]
Extensión [R] [30], 12 páginas, 13-2250 columnas, [1], 106 páginas)
Dimensiones [R] 35 x 23 cm.
500 ## - NOTA GENERAL [R]
Nota general [NR] Detalles físicos: Sin encuadernación original, actualmente encuadernación rígida en cartón forrada en papel, lomo en tela encolada y adornos en dorado. Tapas y lomo con rotura y raspadura. Guardas, portada impresa en dos tintas con un grabado y notoria restauración anterior. Se conservan restos de la portada, pegados a un folio antiguo. Dedicatoria. Advertencias al lector. Texto impreso en varios tipos de letra y varias columnas y algunas páginas en dos tintas (Rúbricas). Apostillas marginales. Ejemplar deteriorado, con varias hojas rotas. Algunas hojas con restauraciones.
505 1# - NOTA DE CONTENIDO CON FORMATO PREESTABLECIDO [R]
Nota de contenido con formato preestablecido [NR] Vida de Justiniano ; Digesto Antiguo, libros 1 al 24: Proemio ; El origen del Derecho ; Las leyes y senadoconsultos ; La diversa condición de las personas ; Los que son sui iuris (autónomos) y los que son alieni iuris(los que dependen de otros) ; Las adopciones y emancipaciones ; La división de las cosas ; Deberes del prefecto de la ciudad ; Deberes de los pretores ; La jurisdicción ; Quiénes están obligados a resarcir a otros ; La publicación de los documentos ; Los pactos ; Las transacciones ; Las peticiones ; Los procuradores y defensores ; La administración de negocios ; La restitución in integrum ; Lo que se realiza movido por el miedo ; El dolo malo ; Los menores de veinticinco años ; Los juicios ; El testamento inoficioso.
506 ## - NOTA DE RESTRICCIONES DE ACCESO [R]
Condiciones de acceso [NR] Consulta en sala.
546 ## - NOTA DE IDIOMA [R]
Nota de idioma [NR] Texto en latín.
600 14 - ASIENTO SECUNDARIO DE MATERIA - NOMBRE PERSONAL [R]
9 (RLIN) 29958
Nombre personal [NR] Justiniano
Títulos y otras palabras asociadas con el nombre [R] Emperador de Oriente
Fechas asociadas con el nombre [NR] 482-565
Título de la obra [NR] Digestum vetus
Subdivisión general [R] Crítica e interpretación
650 #7 - ASIENTO SECUNDARIO DE MATERIA - TERMINO TEMATICO [R]
9 (RLIN) 29420
Término temático o nombre geográfico como elemento de entrada [NR] Derecho romano
Subdivisión general [R] Obras anteriores a 1800
650 #7 - ASIENTO SECUNDARIO DE MATERIA - TERMINO TEMATICO [R]
9 (RLIN) 29560
Término temático o nombre geográfico como elemento de entrada [NR] Derecho civil
Subdivisión general [R] Obras anteriores a 1800
690 ## - ASUNTO AGREGADO LOCAL DE ENTRADA - TÉRMINO TEMÁTICO (OCLC, RLIN)
9 (RLIN) 42766
Acceso temático local Derecho civil
700 1# - ASIENTO SECUNDARIO - NOMBRE PERSONAL [R]
Nombre personal [NR] Acurcio
9 (RLIN) 62286
700 1# - ASIENTO SECUNDARIO - NOMBRE PERSONAL [R]
Nombre personal [NR] Godofredo, Dionisio
9 (RLIN) 62292
942 ## - ELEMENTOS DE ENTRADA AGREGADOS (KOHA)
Tipo de ítem principal el descrito en 300a Libro
Edición 1
Sistema de clasificación DEWEY
Clasificación 340.56
Existencias
Suprimido Perdido Sistema de clasificación Dañado No prestable Tipo de ítem específico Ubicación habitual Ubicación actual Localización Fecha de creación Forma de adquisición Volúmen / Fascículo Total préstamos Signatura topográfica Código de barras Última vez visto Ejemplar Price effective from Tipo de ítem
    LOCAL     Libro archivo Archivo Histórico Archivo Histórico Archivo histórico 06/06/2014 Donación V.1   E30N031 L004234 06/06/2014 Ej. 06/06/2014 Libro